Francisco Rodríguez Ledesma : (Record no. 197992)

MARC details
000 -LEADER
campo de control de longitud fija 01354nam a2200349 i 4500
001 - NÚMERO DE CONTROL
campo de control 197992
003 - IDENTIFICADOR DE NÚMERO DE CONTROL
campo de control ES-MaACL
005 - FECHA Y HORA DE LA ÚLTIMA TRANSACCIÓN
campo de control 20260218063010.0
007 - CAMPO FIJO DE DESCRIPCIÓN FÍSICA--INFORMACIÓN GENERAL
campo de control de longitud fija ta
008 - DATOS DE LONGITUD FIJA--INFORMACIÓN GENERAL
campo de control de longitud fija 251201s2025 sp a|||| |||| 001 0 spa d
017 ## - NÚMERO DE COPYRIGHT O DE DEPÓSITO LEGAL
Número de copyright o de depósito legal CC 229-2025
Agencia que asigna Oficina Depósito Legal Cáceres
020 ## - NÚMERO INTERNACIONAL ESTÁNDAR DEL LIBRO
Número Internacional Estándar del Libro 979-13-991162-1-2
040 ## - FUENTE DE CATALOGACIÓN
Lengua de catalogación spa
Centro/agencia transcriptor ES-MaACL
Centro catalogador/agencia de origen ES-MaACL
Normas de descripción rda
080 ## - NÚMERO DE LA CLASIFICACIÓN DECIMAL UNIVERSAL
Número de la Clasificación Decimal Universal 929 Rodríguez de Ledesma, Francisco
100 1# - ENTRADA PRINCIPAL--NOMBRE DE PERSONA
Relación aut
9 (RLIN) 174430
Nombre de persona Ramos Rubio, José Antonio,
Fechas asociadas al nombre 1963-
Término indicativo de función/relación Autor
245 10 - MENCIÓN DEL TÍTULO
Título Francisco Rodríguez Ledesma :
Resto del título diputado, jurista y dramaturgo español /
Mención de responsabilidad, etc. José Antonio Ramos Rubio, José Luis Pérez Mena
264 #1 - PRODUCCIÓN, PUBLICACIÓN, DISTRIBUCIÓN, FABRICACIÓN Y COPYRIGHT
Producción, publicación, distribución, fabricación y copyright Cáceres :
Nombre del de productor, editor, distribuidor, fabricante Tau Editores,
Fecha de producción, publicación, distribución, fabricación o copyright 2025
264 #4 - PRODUCCIÓN, PUBLICACIÓN, DISTRIBUCIÓN, FABRICACIÓN Y COPYRIGHT
Producción, publicación, distribución, fabricación y copyright ©2025
300 ## - DESCRIPCIÓN FÍSICA
Extensión 122 páginas :
Otras características físicas ilustraciones ;
Dimensiones 23 cm
336 ## - TIPO DE CONTENIDO
Fuente rdacontent
Término de tipo de contenido texto
337 ## - TIPO DE MEDIO
Fuente rdamedia
Nombre/término del tipo de medio sin mediación
338 ## - TIPO DE SOPORTE
Fuente rdacarrier
Nombre/término del tipo de soporte volumen
504 ## - NOTA DE BIBLIOGRAFÍA, ETC.
Nota de bibliografía, etc. Bibliografía: páginas 117-118. Índice
600 14 - PUNTO DE ACCESO ADICIONAL DE MATERIA--NOMBRE DE PERSONA
9 (RLIN) 242811
Nombre de persona Rodríguez de Ledesma, Francisco
700 1# - ENTRADA AGREGADA--NOMBRE PERSONAL
Nombre de persona Ramos Rubio, José Antonio,
Término indicativo de función/relación Autor
9 (RLIN) 174430
Relación aut
Fechas asociadas al nombre 1963-
700 ## - ENTRADA AGREGADA--NOMBRE PERSONAL
Nombre de persona Pérez Mena, José Luis
Término indicativo de función/relación Autor
9 (RLIN) 242566
852 ## - LOCALIZACIÓN
Ubicación ES-MaACL
Ubicación en estantería Depósito 1
Número de control de estantería A-15941
Encuadernación Encuadernación rústica con solapas
itemnumber 207073
942 ## - ELEMENTOS DE ENTRADA SECUNDARIOS (KOHA)
Tipo de ítem Koha Libro impreso
Suprimir en OPAC No
Holdings
Estatus retirado Estado de pérdida Fuente del sistema de clasificación o colocación Estado de daño No para préstamo Biblioteca de origen Biblioteca actual Ubicación en estantería Fecha de adquisición Fuente de adquisición Total de préstamos Signatura topográfica completa Código de barras Visto por última vez Precio de reemplazo Tipo de ítem Koha
    Clasificación decimal universal     Biblioteca del Ateneo de Madrid Biblioteca del Ateneo de Madrid Depósito 1 01/11/2025 Donación   A-15941 2026-0066 16/02/2026 16/02/2026 Libro impreso